Statistics for Yes band members

Click here to take the quiz!

General Stats

  • This quiz has been taken 111 times
    (69 since last reset)
  • The average score is 11 of 17

Answer Stats

HintAnswer% Correct
VocalsJon Anderson
94%
GuitarSteve Howe
94%
BassChris Squire
90%
DrumsBill Bruford
87%
KeyboardsRick Wakeman
87%
DrumsAlan White
81%
KeyboardsTony Kaye
73%
GuitarTrevor Rabin
71%
KeyboardsPatrick Moraz
69%
VocalsTrevor Horn
67%
KeyboardsGeoff Downes
62%
GuitarPeter Banks
56%
VocalsBenoit David
54%
GuitarBilly Sherwood
48%
KeyboardsIgor Khoroshev
38%
KeyboardsOliver Wakeman
37%
VocalsJon Davidson
12%

Score Distribution

Percentile by Number Answered

Percent of People with Each Score

Your Score History

You have not taken this quiz since the last reset